History Quiz

Random History or Quote Quiz

Donald Trump or Adolf Hitler? Quiz Stats

 Plays Quiz not verified by Sporcle

Score 0/14 Timer 03:00
0 Plays Today
Quote Answer % Correct
They’re bringing drugs. They’re bring crime. They’re rapists… And some, I assume, are good people. ???
85.4%
My IQ is one of the highest — and you all know it! Please don't feel so stupid or insecure; it's not your fault.???
79.5%
There could be some man-made something. But, you know, if you look at [country], they're doing nothing about it, other countries are doing nothing about it. It's a big planet.???
77.6%
Any violence which does not spring from a spiritual base, will be wavering and uncertain. It lacks the stability which can only rest in a fanatical outlook.???
76.1%
Taken to its logical extreme, [religion] would mean the systematic cultivation of the human failure.???
74.8%
[Name] is calling for a total and complete shutdown of [religion] entering the [country] until our country's representatives can figure out what is going on.???
74.7%
Our great [person] hasn't exactly had a positive impact on the thugs who are so happily and openly destroying [city]!???
67.9%
Quote Answer % Correct
There were people that were cheering on the other side of [place], where you have large [group] populations. They were cheering as the [building] came down.???
67.8%
The [religion] has always been a people with definite racial characteristics and never a religion.???
64.1%
How fortunate for governments that the people they administer don't think.???
63%
Do not compare yourself to others. If you do so, you are insulting yourself.???
62.8%
The more economic difficulties increase, the more immigration will be seen as a burden.???
48.3%
My ... has become so powerful that I can actually make my enemies tell the truth.???
47.3%
When women kill children–it’s anything but murder: it is 'her right to choose.'???
32.5%

You're not logged in!

Compare scores with friends on all Sporcle quizzes.
OR
Log In

Show Comments

Extras

Top Quizzes Today


Score Distribution

Your Account Isn't Verified!

In order to create a playlist on Sporcle, you need to verify the email address you used during registration. Go to your Sporcle Settings to finish the process.

Report this User

Report this user for behavior that violates our Community Guidelines.

Details: